The variation in the profiles of strong fraunhofer lines along a radius of the solar disc (Record no. 1091)

MARC details
000 -LEADER
fixed length control field 00562nam a2200169Ia 4500
003 - CONTROL NUMBER IDENTIFIER
control field IN-BaIIA
008 - FIXED-LENGTH DATA ELEMENTS--GENERAL INFORMATION
fixed length control field 211028s9999 xx 000 0 eng d
040 ## - CATALOGING SOURCE
Transcribing agency IIA Library
080 ## - UNIVERSAL DECIMAL CLASSIFICATION NUMBER
Universal Decimal Classification number 523.92
Item number HOU
100 ## - MAIN ENTRY--PERSONAL NAME
Personal name Houtgast, Jakob
9 (RLIN) 2322
245 #4 - TITLE STATEMENT
Title The variation in the profiles of strong fraunhofer lines along a radius of the solar disc
Statement of responsibility, etc. Jakob Houtgast
260 ## - PUBLICATION, DISTRIBUTION, ETC.
Place of publication, distribution, etc. Utrecht
Name of publisher, distributor, etc. Drukkerij Fa Schotancs & Jens
Date of publication, distribution, etc. 1942
300 ## - PHYSICAL DESCRIPTION
Extent 147p.
650 ## - SUBJECT ADDED ENTRY--TOPICAL TERM
Topical term or geographic name entry element Fraunhofer lines
9 (RLIN) 2323
650 ## - SUBJECT ADDED ENTRY--TOPICAL TERM
Topical term or geographic name entry element Solar Disc
9 (RLIN) 2324
942 ## - ADDED ENTRY ELEMENTS (KOHA)
Koha item type Books
Holdings
Withdrawn status Lost status Damaged status Not for loan Home library Current library Shelving location Date acquired Total Checkouts Full call number Barcode Date last seen Price effective from Koha item type
        IIA Library-Bangalore IIA Library-Bangalore General Stacks     523.92/ HOU 1149 05/11/2021   Books

Powered by Koha